Ethical , theory from Hobbes to kant./ (Record no. 111400)
[ view plain ]
| 000 -LEADER | |
|---|---|
| fixed length control field | 00479nam a22001697a 4500 |
| 003 - CONTROL NUMBER IDENTIFIER | |
| control field | BD-ChCU |
| 005 - DATE AND TIME OF LATEST TRANSACTION | |
| control field | 20260201095831.0 |
| 008 - FIXED-LENGTH DATA ELEMENTS--GENERAL INFORMATION | |
| fixed length control field | 260201b bg ||||| |||| 00| 0 ben d |
| 040 ## - CATALOGING SOURCE | |
| Transcribing agency | BD-ChCU |
| 082 ## - DEWEY DECIMAL CLASSIFICATION NUMBER | |
| Classification number | 171 SWE |
| 100 ## - MAIN ENTRY--PERSONAL NAME | |
| Personal name | Swabey , William Curtis . |
| 9 (RLIN) | 19939 |
| 245 ## - TITLE STATEMENT | |
| Title | Ethical , theory from Hobbes to kant./ |
| Statement of responsibility, etc. | William Curtis Swabey . |
| 260 ## - PUBLICATION, DISTRIBUTION, ETC. | |
| Place of publication, distribution, etc. | London : |
| Name of publisher, distributor, etc. | Vision press , |
| Date of publication, distribution, etc. | C 1962 |
| 300 ## - PHYSICAL DESCRIPTION | |
| Extent | 284p |
| 650 #0 - SUBJECT ADDED ENTRY--TOPICAL TERM | |
| Topical term or geographic name entry element | Ethics , Theory of . |
| 9 (RLIN) | 19940 |
| 942 ## - ADDED ENTRY ELEMENTS (KOHA) | |
| Source of classification or shelving scheme | Dewey Decimal Classification |
| Koha item type | Books |
| Suppress in OPAC | No |
| Withdrawn status | Lost status | Source of classification or shelving scheme | Damaged status | Not for loan | Home library | Current library | Shelving location | Date acquired | Source of acquisition | Total Checkouts | Full call number | Barcode | Date last seen | Copy number | Price effective from | Koha item type |
|---|---|---|---|---|---|---|---|---|---|---|---|---|---|---|---|---|
| Dewey Decimal Classification | Chittagong University Library | Chittagong University Library | Arts and Humanities Reading Room | 02/01/2026 | Purchase | 171 SWE | 32429 | 02/01/2026 | C-1 | 02/01/2026 | Books | |||||
| Dewey Decimal Classification | Chittagong University Library | Chittagong University Library | Arts and Humanities Reading Room | 02/01/2026 | Purchase | 171 SWE | 32430 | 02/01/2026 | C-2 | 02/01/2026 | Books | |||||
| Dewey Decimal Classification | Chittagong University Library | Chittagong University Library | Arts and Humanities Reading Room | 02/01/2026 | Purchase | 171 SWE | 97693 | 02/01/2026 | C-3 | 02/01/2026 | Books |